| 000 | 00475nam a2200181Ia 4500 | ||
|---|---|---|---|
| 003 | GCL | ||
| 008 | 140319s9999 xx 000 0 eng d | ||
| 040 |
_aGCL / _cGCL |
||
| 082 | 0 | 4 |
_a650 _bN B |
| 100 | 1 | _aNEEDHAM, DAVID | |
| 245 | 1 | 0 |
_aBUSINESS STUDIES IN PRACTICE, 2ND ED / _cNEEDHAM, DAVID |
| 700 | 1 | _aDRANSFIELD, ROBERT | |
| 260 |
_a[S.N] : _bMC GRAW - HILL ، _c1992 |
||
| 300 | _a363 P | ||
| 650 | 0 | 4 | _aBUSINESS |
| 650 | 0 | 4 | _aINDUSTRIAL MANAGEMENT |
| 942 |
_2ddc _cBK |
||
| 999 |
_c20701 _d20701 |
||